LEADER 01106nam a2200241 i 4500 001 000000186918 003 CaOOAMICUS 005 20150407000000.0 008 150407s1943 it u000 u ita u 013 $a164975 040 $aSeMil$bita 100 1 $aAlberto : di Maria delle scuole cristiane.$0(OLS)http://semarc/name/68607 245 10$aGiovanni Battista de La Salle maestro dei maestri e santo /$cAlberto di Maria delle scuole cristiane. 260 $aRoma :$b[s.n.],$c1943$e(Pompei :$fScuola tipografica pontificia per i figli dei carcerati,$g1943) 300 $a535 p., [38] c. di tav. :$bill. ;$c24 cm. 500 $aFondo card. Giovanni Colombo. 600 14$aLa Salle, Giovanni Battista : de .$0(OLS)http://semarc/subject/7478 850 $aSeMil 852 $aSeMil$W1$xVenegono$y1$m3GC IV 201$j137605$B137605$CSeMilBibl$Z2$F149119 $8B 941 1 $a3 961 $aLascito: Colombo Card. Giovanni 996 $6245$aGiovanni Battista de La Salle maestro dei maestri e santo$9(OLS)http://semarc/title/268817 996 $6260$aRoma :$b[s.n.]$9(OLS)http://semarc/publisher/29738 LEADER 01042nam a2200217 i 4500 001 000000073164 003 CaOOAMICUS 005 20250609145930.0 008 000609s1977 vc u000 u lat u 040 $aSeMil$bita 110 2 $aPontificia Commissione per la revisione del Codice di Diritto Canonico.$0(OLS)http://semarc/name/1854 245 10$aSchema canonum de Institutis vitae consecratae per professionem consiliorum evangelicorum. 264 1$a[Cittą del Vaticano] :$bTypis Polyglottis Vaticanis,$c1977. 300 $aXIII, 36 p. ;$c27 cm 650 4$aDiritto canonico - Fonti.$0(OLS)http://semarc/subject/389 850 $aSeMil 852 $aSeMil$W1$xVenegono$y1$mSL1.N VI 80$j258102$B39317$CSeMilBibl$Z2$F39320 $8I 961 $aAcquisto: Mescat 996 $6245$aSchema canonum de Institutis vitae consecratae per professionem consiliorum evangelicorum$9(OLS)http://semarc/title/118108 996 $6264$a[Cittą del Vaticano] :$bTypis Polyglottis Vaticanis$9(OLS)http://semarc/publisher/34811